000 00462nam a2200181Ia 4500
001 5109
005 20260306145844.0
008 260306t2021||||xx |||||||||||||| ||spa||
041 _aESP
082 _a303.62985
_bD45
100 _aDegregori, Carlos Iván,
_eAUT
245 0 _aEl surgimiento de Sendero Luminoso :
_bAyacucho, 1969 - 1979
260 _c2021
300 _a233 páginas :
_c24 cm.
650 _aGEN
654 _aCHU
942 _cLIB
_dJUS
_fJUS
_2ddc
_n
999 _c5109
_d5109